00459nam a2200133 a 450000100100000000500170001000800410002704000250006810000340009324500990012726000370022630000200026350000420028300004380220201002044956.0140501s2004 dr 000 0 spa d aDO-SdBNPbspacBNPHU1 aRosa Garabito, Emiliano de la10aConstitución Dominicana y un ¡Grito de Alerta Dominicanos! /cEmiliano de la Rosa Garabito. aSanto Domingo, :b[s.d.],c2004. a77 p. ;c25 cm. aIncluye datos biografícos del autor